FIFA 22 TOTW 12 - Statistics

General Stats
  • This quiz has been taken 8 times
  • The average score is 10 of 23
Answer Stats
Club Position Rating Answer % Correct
Lazio ST 88 Ciro Immobile
100%
Liverpool CM 86 Jordan Henderson
100%
Inter Milan CB 86 Alessandro Bastoni
83%
Man City CM 87 Bernardo Silva
83%
Aston Villa CB 82 Ezri Konsa
83%
CSKA Moscow GK 83 Igor Akinfeev
83%
Bayern Munich RM 87 Kingsley Coman
83%
Real Madrid ST 84 Luka Jovic
83%
Montpellier CAM 85 Teji Savanier
67%
Freiburg LM 84 Vicenzo Grifo
67%
Real Betis LB 82 Alex Moreno
50%
Bayer Leverkusen ST 82 Patrik Schick
50%
Rennes LW 81 Martin Terrier
33%
Stoke City GK 78 Adam Davies
17%
Strasbourg RWB 81 Frederic Guilbert
17%
Hajduk Split ST 81 Marko Livaja
17%
Hammarby ST 76 Astrit Selmani
0%
Fenerbahce CB 81 Attila Szalai
0%
Feyenoord ST 80 Bryan Linssen
0%
Atlas GK 81 Camilo Vargas
0%
Grasshopper ST 70 Kaly Sene
0%
Gimnasia CF 82 Luis Miguel Rodriguez
0%
Jeonbuk Hyundai CM 77 Takahiro Kunimoto
0%
No matching quizzes found
Score Distribution
Percent of People with Each Score
Percentile by Number Answered
Your Score History
You have not taken this quiz